00533nam a2200157Ia 4500003000900000008004100009020001400050040001600064080001400080100002000094245011700114260006800231300001700299650004100316650001800357IN-BaIIA211028s9999 xx 000 0 eng d a80-607146 cIIA Library a52.3bNEW aNewell, Homer E 0aBeyond the Atmosphere : Early Years of Space SciencecHomer E Newell  aWashingtonbNational Aeronautics and Space Administrationc1980 axviii, 197p. aAstronomy and Astrophysics Thesaurus aSpace Science